00267nam a2200109Ia 4500008004100000041000800041082001500049100001100064245003000075260003300105300001900138241028s9999 xx 000 0 und d aeng a153.69 KUH aKuhnke aBody Language For Dummies bWiley IndiaaNew Delhic2014 a362;. P. 23 cm